书目信息 |
| 题名: |
班主任专业成长
|
|
| 作者: | 张万祥 主编 | |
| 分册: | ||
| 出版信息: | 上海 华东师范大学出版社 2012.10 |
|
| 页数: | 217页 | |
| 开本: | 23cm | |
| 丛书名: | 大夏书系 | |
| 单 册: | ||
| 中图分类: | G635.16-53 | |
| 科图分类: | ||
| 主题词: | 班主任工作--中小学--文集 , 班主任工作 | |
| 电子资源: | ||
| ISBN: | 978-7-5617-9899-7 | |
| 000 | 00955oam2 2200277 450 | |
| 001 | 005694207 | |
| 005 | 20130701084759.09 | |
| 010 | @a978-7-5617-9899-7@dCNY29.80 | |
| 100 | @a20121117d2012 em y0chiy50 ea | |
| 101 | 0 | @achi |
| 102 | @aCN@b310000 | |
| 105 | @ay z 000zy | |
| 106 | @ar | |
| 200 | 1 | @a班主任专业成长@9ban zhu ren zhuan ye cheng zhang@e100个千字妙招@f张万祥主编 |
| 210 | @a上海@c华东师范大学出版社@d2012.10 | |
| 215 | @a217页@d23cm | |
| 225 | 2 | @a大夏书系@i全国中小学班主任培训用书 |
| 330 | @a本书收录的文章分为七辑,主要内容包括:修心养性、确立观念、应对挑战、认真反思、智慧成长、执著追求、酷爱阅读。 | |
| 462 | 0 | @12001 @a大夏书系@i全国中小学班主任培训用书 |
| 517 | 1 | @a100个千字妙招@9100 ge qian zi miao zhao |
| 606 | 0 | @a班主任工作@x中小学@j文集 |
| 606 | 0 | @a班主任工作 |
| 690 | @aG635.16-53@v5 | |
| 701 | 0 | @a张万祥@9zhang wan xiang@4主编 |
| 801 | 0 | @aCN@bNLC@c20121117 |
| 905 | @b544772-77@dG635.16-53@e1122@f6 | |
| 班主任专业成长:100个千字妙招/张万祥主编.-上海:华东师范大学出版社,2012.10 |
| 217页;23cm.-(大夏书系.全国中小学班主任培训用书) |
| ISBN 978-7-5617-9899-7:CNY29.80 |
| 本书收录的文章分为七辑,主要内容包括:修心养性、确立观念、应对挑战、认真反思、智慧成长、执著追求、酷爱阅读。 |
| ● |
| 相关链接 |
|
|
|
|
正题名:班主任专业成长
索取号:G635.16-53/1122
 
预约/预借
| 序号 | 登录号 | 条形码 | 馆藏地/架位号 | 状态 | 备注 |
| 1 | 0544777 | 205447774 | 第四借阅区/ [索取号:G635.16-53/1122] | 在馆 | |
| 2 | 544772 | 205447729 | 第一样本阅览室/ [索取号:G635.16-53/1122] | 在馆 | |
| 3 | 544773 | 205447738 | 教育系资料室/ [索取号:G635.16-53/1122] | 在馆 | |
| 4 | 544774 | 205447747 | 教育系资料室/ [索取号:G635.16-53/1122] | 在馆 | |
| 5 | 544775 | 205447756 | 教育系资料室/ [索取号:G635.16-53/1122] | 在馆 | |
| 6 | 544776 | 205447765 | 第四借阅区/ [索取号:G635.16-53/1122] | 在馆 |